000 00398nam a22001457a 4500
003 MACL
005 20190922154717.0
008 190922b xxu||||| |||| 00| 0 eng d
040 _cMACL
100 _aWilkins, David B
_976770
245 _aThe Indian Legal Profession in the Age of Globalization
260 _aDelhi
_bCambridge University
_c2017
650 _aEnvironment
_976771
942 _2ddc
_cBK
999 _c61082
_d61082